000
00322 a2200109 4500
001
ART_15627
005
20260410161736.0
008
260409a
245
1
0
_a
En busca de la credibilidad perdida
100
1
_a
Expósito, David
773
0
_t
Ejecutivos de finanzas
_g
- Año 6, Nº 43 (mar. 1988)
_w
REV2863
999
_c
18270
_d
18270